Ơn thầy thương bạn-nhớ trường : Kỷ yếu
Kaydedildi:
| Kurumsal yazarlar: | , |
|---|---|
| Materyal Türü: | Kitap |
| Dil: | Undetermined |
| Baskı/Yayın Bilgisi: |
Cần Thơ
Nxb. Đại học Cần Thơ
2016
|
| Konular: | |
| Etiketler: |
Etiketle
Etiket eklenmemiş, İlk siz ekleyin!
|
| Thư viện lưu trữ: | Trung tâm Học liệu Trường Đại học Cần Thơ |
|---|
| LEADER | 00615nam a2200181Ia 4500 | ||
|---|---|---|---|
| 001 | CTU_229807 | ||
| 008 | 210402s9999 xx 000 0 und d | ||
| 082 | |a 895.9228 | ||
| 082 | |b Tr561 | ||
| 110 | |a Ban liên lạc cựu giáo viên-học sinh | ||
| 110 | |b Trường kỹ thuật Vĩnh Long | ||
| 245 | 0 | |a Ơn thầy thương bạn-nhớ trường : | |
| 245 | 0 | |b Kỷ yếu | |
| 260 | |a Cần Thơ | ||
| 260 | |b Nxb. Đại học Cần Thơ | ||
| 260 | |c 2016 | ||
| 650 | |a Văn học Việt Nam,Vietnamese literature | ||
| 980 | |a Trung tâm Học liệu Trường Đại học Cần Thơ | ||